| 000 | 00648nam a2200181 i 4500 | ||
|---|---|---|---|
| 001 | 81812 | ||
| 003 | ES-MaACL | ||
| 005 | 20250407063105.0 | ||
| 007 | t| | ||
| 008 | 041108s1940 sp ||||1| spa d | ||
| 100 | 1 |
_aIbáñez de Ibero, Carlos, _cMarqués de Mulhacén, _d1888-1966 _9151481 |
|
| 245 | 1 | 3 |
_aLa personalidad internacional de España / _cCarlos Ibáñez de Ibero (Marqués de Mulhacén). |
| 260 |
_aSan Sebastián : _bEdit. Española, _c1940 ( _fGráficas Fides) |
||
| 300 |
_a297 p. ; _c21 cm. |
||
| 651 | 4 |
_aEspaña- _xPolítica exterior- _xHistoria. _98427 |
|
| 852 |
_aES-MaACL _jB-9836 _bR.19539 |
||
| 999 |
_c81812 _d81812 |
||